| 000 | 00540nam a2200157 a 4500 | ||
|---|---|---|---|
| 001 | 000040379 | ||
| 005 | 20201002034108.0 | ||
| 008 | 130823s1999 mx 000 0 spa d | ||
| 020 | _a9683674518 | ||
| 040 |
_aDO-SdBNP _bspa _cBNPHU |
||
| 245 | 0 | 0 | _aServicios de información digita para la comunidad universitaria. |
| 260 |
_aMéxico : _bUniversidad Autónoma de México : _bDirección General de Bibliotecas, _c1999. |
||
| 300 |
_a95 p. ; _c22 cm. |
||
| 500 | _aPrimera reimpresión 1999 | ||
| 710 | 2 |
_aUniversidad Autónoma de México _966592 |
|
| 999 |
_c39869 _d39869 |
||